000 00633nam a2200217 i 4500
001 bg
100 1 _aCZARNY, Elżbieta
245 1 0 _aMikroekonomia :
_bzbiór zadań /
_cElżbieta Czarny, Ewelina Nojszewska.
260 _aWarszawa :
_bPolskie Wydaw. Ekonomiczne,
_c2000.
300 _a283, [1] s. :
_bil. ;
_c24 cm.
650 9 _aMikroekonomia
655 _aĆwiczenia i zadania dla szkół wyższych
700 1 _aNOJSZEWSKA, Ewelina
020 _a8320812585
040 _cBPK
041 0 _apl
080 _a330.101.542(075.8)(076)
920 _a83-208-1258-5
942 _cKS
008 s pl f |000 0 pol
999 _c38223
_d38223
856 _uhttp://koha.tu.koszalin.pl/cgi-bin/koha/opac-detail.pl?biblionumber=38223
_yKatalog online BPK